000 00313nam a22001457a 4500
008 210607b ||||| |||| 00| 0 eng d
020 _a9780878938230
041 _aeng
080 _23rd
_a573
082 _a573
100 _a11
101 _aBIO
245 _aPlant Physiology
_cLincoln Taiz
942 _2udc
_cBK
999 _c57983
_d57983